The case of rich vs poor (Record no. 75051)
[ view plain ]
| 000 -LEADER | |
|---|---|
| fixed length control field | 01513cab a2200205 4500 |
| 001 - CONTROL NUMBER | |
| control field | L129298 |
| 008 - FIXED-LENGTH DATA ELEMENTS--GENERAL INFORMATION | |
| fixed length control field | 050408n2005 000 0 eng u |
| 035 ## - SYSTEM CONTROL NUMBER | |
| System control number | (Sirsi) u129298 |
| 041 ## - LANGUAGE CODE | |
| Language code of text/sound track or separate title | eng |
| 100 ## - MAIN ENTRY--PERSONAL NAME | |
| Personal name | Thornton |
| -- | nthony |
| 245 #4 - TITLE STATEMENT | |
| Title | The case of rich vs poor |
| 260 ## - PUBLICATION, DISTRIBUTION, ETC. | |
| Date of publication, distribution, etc. | 2005 |
| 490 ## - SERIES STATEMENT | |
| Series statement | Building |
| Volume/sequential designation | 270(8375) 1 April 2005, 54-55(2) |
| 520 ## - SUMMARY, ETC. | |
| Summary, etc. | Argues that construction disputes often involve companies who cannot afford to appear with lawyers or claim consultants. A good example of this is the recent case, "Buxton Building Contractors Ltd v Govenors of Durand Primary School ([2004] EWHC 733 (TCC), [2004] BLR 374). Here the governors were not represented properly which led to unfair proceedings and an unenforceable decision. Notes that the McDonalds libel case of "Steel and Morris v the United Kingdom" in the European Court of Human Rights (68416/01, unreported) had stated that the UK had a duty to provide expertise and resources so that a poorer party could conduct a case adequately. Suggests three approaches whereby the state could provide legal aid, including, giving consideration to modifying the absolute bar on an adjudicator awarding costs to the successful party. |
| 590 ## - LOCAL NOTE (RLIN) | |
| Local note | IKA150405 |
| 650 ## - SUBJECT ADDED ENTRY--TOPICAL TERM | |
| Topical term or geographic name entry element | BUXTON BUILDING CONTRACTORS V DURAND PRIMARY SCHOOL GOVERNORS |
| 650 ## - SUBJECT ADDED ENTRY--TOPICAL TERM | |
| Topical term or geographic name entry element | STEEL AND ANOTHER V UNITED KINGDOM |
| 690 ## - LOCAL SUBJECT ADDED ENTRY--TOPICAL TERM (OCLC, RLIN) | |
| Topical term or geographic name as entry element | MANAGEMENT-DISPUTE AVOIDANCE, MANAGEMENT AND RESOLUTION-DISPUTE MANAGEMENT AND RESOLUTION-ALTERNATIVE DISPUTE RESOLUTION-ADJUDICATION |
| 942 ## - ADDED ENTRY ELEMENTS (KOHA) | |
| Suppress in OPAC | 0 |
| Withdrawn status | Lost status | Source of classification or shelving scheme | Damaged status | Not for loan | Home library | Current library | Shelving location | Date acquired | Total Checkouts | Full call number | Barcode | Date last seen | Copy number | Price effective from | Koha item type |
|---|---|---|---|---|---|---|---|---|---|---|---|---|---|---|---|
| Dewey Decimal Classification | London | London | Journal article | 08/04/2005 | L129298 | 129298-1001 | 06/08/2019 | 1 | 06/08/2019 | Journal article |